000 00305nam a22001337a 4500
003 SGT
020 _a978-81-204-1707-6
082 _a150
_bT18F
100 _aFREEMAN, FRANK S.
245 _aTHEORY AND PRACTICE OF PSYCHOLOGICAL TESTING
260 _aINDIA
_bCBS
_c2018
300 _a697
942 _2ddc
_cBK
999 _c15938
_d15938